Paul McCartney Discography - Statistics

General Stats
  • This quiz has been taken 100 times
  • The average score is 18 of 26
Answer Stats
Hint Answer % Correct
1971 (With Linda McCartney) Ram
100%
1970 McCartney
98%
1973 (Wings) Band on the Run
92%
1980 McCartney II
92%
2020 McCartney III
83%
2018 Egypt Station
79%
1975 (Wings) Venus and Mars
79%
1979 (Wings) Back to the Egg
78%
1973 (Wings) Red Rose Speedway
78%
1978 (Wings) London Town
76%
1982 Tug of War
76%
1971 (Wings) Wild Life
75%
1983 Pipes of Peace
73%
1997 Flaming Pie
70%
2013 New
68%
1976 (Wings) Wings at the Speed of Sound
68%
2005 Chaos and Creation in the Backyard
63%
1989 Flowers in the Dirt
63%
2001 Driving Rain
62%
1986 Press to Play
59%
1984 Give My Regards to Broad Street
57%
2007 Memory Almost Full
54%
1993 Off the Ground
54%
2012 Kisses on the Bottom
49%
1999 Run Devil Run
48%
1988 Снова в СССР
37%
No matching quizzes found
Score Distribution
Percent of People with Each Score
Percentile by Number Answered
Your Score History
You have not taken this quiz